000 00221 a2200097 4500
001 52241
100 _aEBI
245 _aEncyclopedia Britannica Book of the year 1984
260 _aChicago
_bEBI
_c
090 _c32901
_d32901
942 _aNUST-CAE
_cM
_c25449
999 _c287314
_d287314